000
00199 a2200097 4500
001
3017
100
_a
Seidi, J
245
_a
English Idioms
260
_a
_b
Oxford Univ Press
_c
090
_c
2302
_d
2302
942
_a
NUST-CAE
_c
M
_c
14470
999
_c
238090
_d
238090